Normal view
MARC view
Entry Personal Name
001 - CONTROL NUMBER
- control field: 1235227
003 - CONTROL NUMBER IDENTIFIER
- control field: OSt
005 - DATE AND TIME OF LATEST TRANSACTION
- control field: 20260420165117.0
008 - FIXED-LENGTH DATA ELEMENTS
- fixed length control field: 260420|| aca||aabn | a|a d
040 ## - CATALOGING SOURCE
- Original cataloging agency: OSt
- Transcribing agency: OSt
100 ## - HEADING--PERSONAL NAME
- Personal name: Rizvi, Shahida Osaid
670 ## - SOURCE DATA FOUND
- Source citation: Work cat.: (OSt)1848341: Rizvi, Shahida Osaid, Zaat-o-kainat, 2025
